Organizácia a ekonomika stavebného priemyslu.

Uložené v:
Podrobná bibliografia
Hlavní autori: KROFTA, J. (Author), ČÁCHA, J. (Author), STRÁDAL, O. (Author)
Médium: Kniha
Jazyk:Slovak
Vydané: 1961
Tagy: Pridať tag
Žiadne tagy, Buďte prvý kto otaguje tento záznam!

MARC

LEADER 00000nam a2200000 a 4500
001 000210621
005 00000000000000.0
008 040101s1961 e sloo
041 0 |a slo 
100 1 |a KROFTA, J.  |4 aut 
245 1 0 |a Organizácia a ekonomika stavebného priemyslu. 
260 |c 1961 
500 |a Záznam neprešiel kontrolou 
700 1 |a ČÁCHA, J.  |4 aut 
700 1 |a STRÁDAL, O.  |4 aut 
910 |a svkkk 
998 |a BK 
090 |g SCKHL  |k Sklad Pribinova 2. posch.  |a II.120533  |i 210621-10  |s Absenčne